[Event "WchT Seniors 50"]
[Site "Prague"]
[Date "2025.02.17"]
[Round "1.33"]
[White "Ghannoum, Marc"]
[Black "Csiszar, Csaba"]
[Result "1-0"]
[WhiteElo "2229"]
[BlackElo "2378"]
[PlyCount "79"]
[EventDate "2025.02.17"]
[EventType "team-swiss"]
[EventRounds "9"]
[EventCountry "CZE"]
[SourceTitle "CB09_2025"]
[SourceDate "2025.02.27"]
[SourceVersion "1"]
[SourceVersionDate "2025.02.27"]
[SourceQuality "1"]
[WhiteTeam "Quebec 50"]
[BlackTeam "Hungary 50"]
[WhiteTeamCountry "CAN"]
[BlackTeamCountry "HUN"]

1. e4 c5 2. Nf3 Nc6 3. Bb5 d6 4. 0-0 Bd7 5. Re1 Nf6 6. c3 a6 7. Bf1 Bg4 8. d4 Bxf3 9. gxf3 g5 10. Kh1 Rg8 11. Be3 e6 12. b4 cxd4 13. cxd4 g4 14. Nc3 gxf3 15. b5 Ng4 16. Qxf3 Nb4 17. Bh3 h5 18. Rab1 a5 19. Bxg4 hxg4 20. Qe2 Qf6 21. Rg1 Rh8 22. Rxg4 Rc8 23. Rc1 Bh6 24. e5 Qf5 25. Ne4 Rxc1+ 26. Bxc1 Kd7 27. Nxd6 Qd3 28. Qxd3 Nxd3 29. Rh4 Nxc1 30. Nxf7 Rf8 31. Nxh6 Nxa2 32. Ng4 Nc3 33. Nf6+ Kc8 34. b6 Rd8 35. Rh7 Kb8 36. Nd7+ Ka8 37. Nc5 Ne2 38. Rxb7 Nxd4 39. Ra7+ Kb8 40. Na6+ 1-0

[Event "HUN-ch Rapid"]
[Site "Ajka"]
[Date "2024.07.21"]
[Round "11"]
[White "Sahidi, Samir"]
[Black "Csiszar, Csaba"]
[Result "1-0"]
[WhiteElo "2477"]
[BlackElo "2376"]
[PlyCount "77"]
[EventDate "2024.07.20"]
[EventType "swiss (rapid)"]
[EventRounds "11"]
[EventCountry "HUN"]
[SourceTitle "CBM 221 Extra"]
[Source "ChessBase"]
[SourceDate "2024.09.30"]
[SourceVersion "1"]
[SourceVersionDate "2024.09.30"]
[SourceQuality "1"]

1. c4 c5 2. Nc3 Nc6 3. g3 g6 4. Bg2 Bg7 5. e3 e5 6. Nge2 Nge7 7. 0-0 0-0 8. b3 d6 9. Bb2 Rb8 10. Nd5 Nxd5 11. cxd5 Ne7 12. Qc2 b5 13. d3 f5 14. f4 Qb6 15. fxe5 dxe5 16. Kh1 Qd6 17. e4 Bd7 18. Rac1 Rbc8 19. Qd2 h6 20. Rce1 Kh7 21. Ng1 fxe4 22. dxe4 c4 23. Rxf8 Bxf8 24. bxc4 Rxc4 25. Nf3 Bg7 26. Qe3 a5 27. Qa7 a4 28. Bxe5 Bxe5 29. Nxe5 Rc7 30. Qd4 Be8 31. Ng4 Ng8 32. e5 Qd8 33. Ne3 Qc8 34. h3 Qd8 35. d6 Rg7 36. e6 Nf6 37. Qe5 Qa5 38. Rf1 Nh5 39. g4 1-0

[Event "HUN-ch Rapid"]
[Site "Ajka"]
[Date "2024.07.20"]
[Round "3"]
[White "Kadric, Denis"]
[Black "Csiszar, Csaba"]
[Result "0-1"]
[WhiteElo "2553"]
[BlackElo "2376"]
[PlyCount "96"]
[EventDate "2024.07.20"]
[EventType "swiss (rapid)"]
[EventRounds "11"]
[EventCountry "HUN"]
[SourceTitle "CBM 221 Extra"]
[Source "ChessBase"]
[SourceDate "2024.09.30"]
[SourceVersion "1"]
[SourceVersionDate "2024.09.30"]
[SourceQuality "1"]

1. e4 c5 2. Nc3 Nc6 3. Nge2 e5 4. Ng3 d6 5. Bc4 Bd7 6. d3 Be6 7. 0-0 Nf6 8. f4 Be7 9. Be3 exf4 10. Bxf4 0-0 11. Nd5 Bxd5 12. exd5 Ne5 13. Nf5 Nfd7 14. Bb5 Bg5 15. Bxg5 Qxg5 16. Nxd6 Nf6 17. Qe1 Nfg4 18. Nf5 a6 19. Ba4 b5 20. Bb3 g6 21. Qh4 Qxh4 22. Nxh4 Rad8 23. h3 Nh6 24. Rae1 Rfe8 25. Rf6 Kg7 26. Ref1 c4 27. dxc4 bxc4 28. Ba4 Re7 29. Bc6 Ng8 30. R6f4 Rd6 31. Nf3 Nxc6 32. dxc6 Rxc6 33. c3 f5 34. Nd2 Rec7 35. Rd4 Nf6 36. Rff4 Nh5 37. Rf2 f4 38. Kh2 g5 39. Nf3 h6 40. Rfd2 Re6 41. Rd6 Rce7 42. Nd4 Rxd6 43. Nf5+ Kf6 44. Nxd6 Re1 45. g4 fxg3+ 46. Kg2 Re3 47. Rd1 Nf4+ 48. Kf1 Re2 0-1

[Event "EU-chT Seniors 50"]
[Site "Terme Catez"]
[Date "2024.05.15"]
[Round "9.1"]
[White "Mrva, Martin"]
[Black "Csiszar, Csaba"]
[Result "0-1"]
[WhiteElo "2365"]
[BlackElo "2366"]
[PlyCount "84"]
[EventDate "2024.05.07"]
[EventType "team-swiss"]
[EventRounds "9"]
[EventCountry "SLO"]
[SourceTitle "CBM 220 Extra"]
[Source "ChessBase"]
[SourceDate "2024.07.31"]
[SourceVersion "1"]
[SourceVersionDate "2024.07.31"]
[SourceQuality "1"]
[WhiteTeam "Slovakia 50"]
[BlackTeam "Hungary 50"]
[WhiteTeamCountry "SVK"]
[BlackTeamCountry "HUN"]

1. e4 c5 2. Nf3 Nc6 3. d4 cxd4 4. Nxd4 e5 5. Nb5 d6 6. N1c3 a6 7. Na3 b5 8. Nd5 Nge7 9. Bd3 Nxd5 10. exd5 Ne7 11. c4 g6 12. cxb5 Bg7 13. 0-0 0-0 14. Re1 Nf5 15. bxa6 Qb6 16. Nb5 Bxa6 17. a4 Rfc8 18. Ra3 Nd4 19. Be3 Bb7 20. a5 Qd8 21. b4 Bxd5 22. Nxd4 exd4 23. Bd2 Be5 24. b5 Rc5 25. b6 Rb8 26. f4 Bf6 27. Bb4 Rcc8 28. Ba6 Rc5 29. Bxc5 dxc5 30. Qa4 Qd6 31. Re8+ Rxe8 32. Qxe8+ Kg7 33. b7 Bxb7 34. Bxb7 c4 35. Ra1 d3 36. Rf1 c3 37. Qa4 Qc5+ 38. Kh1 c2 39. Bf3 d2 40. a6 c1Q 41. Rd1 Qe3 42. h3 Bd4 0-1

[Event "EU-chT Seniors 50"]
[Site "Terme Catez"]
[Date "2024.05.12"]
[Round "6.1"]
[White "Pein, Malcolm"]
[Black "Csiszar, Csaba"]
[Result "1/2-1/2"]
[WhiteElo "2272"]
[BlackElo "2366"]
[PlyCount "101"]
[EventDate "2024.05.07"]
[EventType "team-swiss"]
[EventRounds "9"]
[EventCountry "SLO"]
[SourceTitle "CBM 220 Extra"]
[Source "ChessBase"]
[SourceDate "2024.07.31"]
[SourceVersion "1"]
[SourceVersionDate "2024.07.31"]
[SourceQuality "1"]
[WhiteTeam "England 50 II"]
[BlackTeam "Hungary 50"]
[WhiteTeamCountry "ENG"]
[BlackTeamCountry "HUN"]

1. d4 Nf6 2. c4 e6 3. Nf3 d5 4. Nc3 Bb4 5. Qa4+ Nc6 6. e3 0-0 7. Bd2 Re8 8. Rd1 Bf8 9. h3 Bd7 10. Qc2 Nb4 11. Qb1 c5 12. dxc5 Bxc5 13. a3 Nc6 14. Be2 Rc8 15. 0-0 dxc4 16. Bxc4 Be7 17. Ba2 Qb6 18. e4 Qc7 19. Rfe1 Ne5 20. Nxe5 Qxe5 21. Be3 Bc5 22. Qd3 g5 23. Bxc5 Rxc5 24. Qe3 Rec8 25. Rd3 a5 26. Red1 Be8 27. Rd8 Kg7 28. Rxc8 Rxc8 29. Qd4 Rc5 30. Qxe5 Rxe5 31. f3 Rc5 32. Rd8 Bc6 33. Kf2 b5 34. Bb3 b4 35. axb4 axb4 36. Na2 Bb5 37. Nxb4 Nh5 38. g3 Rc1 39. Rd1 Rc7 40. Nc2 Rb7 41. Nd4 Bd7 42. Rd3 Kf6 43. Rc3 h6 44. Ne2 Bb5 45. Nd4 Bd7 46. Nc2 Bb5 47. Ne3 Ba6 48. Ng4+ Kg7 49. Ne3 Kf6 50. Ng4+ Kg7 51. Ne3 1/2-1/2

[Event "HUN-chT1 Charousek 2324"]
[Site "Hungary"]
[Date "2024.04.07"]
[Round "9.1"]
[White "Seres, Lajos"]
[Black "Csiszar, Csaba"]
[Result "1/2-1/2"]
[WhiteElo "2325"]
[BlackElo "2368"]
[PlyCount "20"]
[EventDate "2023.10.08"]
[EventType "team-tourn"]
[EventRounds "11"]
[EventCountry "HUN"]
[SourceTitle "EXT 2025"]
[Source "ChessBase"]
[SourceDate "2024.10.14"]
[SourceVersion "1"]
[SourceVersionDate "2024.10.14"]
[SourceQuality "1"]
[WhiteTeam "SZASTE"]
[BlackTeam "Komlo Banyasz"]
[WhiteTeamCountry "HUN"]
[BlackTeamCountry "HUN"]

1. d4 Nf6 2. Nf3 e6 3. c4 c5 4. e3 cxd4 5. exd4 Bb4+ 6. Bd2 Bxd2+ 7. Nbxd2 b6 8. g3 Bb7 9. Bg2 0-0 10. 0-0 d5 1/2-1/2

[Event "HUN-chT1 Charousek 2324"]
[Site "Hungary"]
[Date "2023.10.29"]
[Round "3.1"]
[White "Czebe, Attila"]
[Black "Csiszar, Csaba"]
[Result "1-0"]
[WhiteElo "2365"]
[BlackElo "2382"]
[PlyCount "101"]
[EventDate "2023.10.08"]
[EventType "team-tourn"]
[EventRounds "11"]
[EventCountry "HUN"]
[SourceTitle "EXT 2025"]
[Source "ChessBase"]
[SourceDate "2024.10.14"]
[SourceVersion "1"]
[SourceVersionDate "2024.10.14"]
[SourceQuality "1"]
[WhiteTeam "Ajka Sentimento"]
[BlackTeam "Komlo Banyasz"]
[WhiteTeamCountry "HUN"]
[BlackTeamCountry "HUN"]

1. e4 c5 2. Nc3 Nc6 3. Bb5 Nd4 4. Nf3 a6 5. Bd3 Nc6 6. 0-0 g6 7. Re1 Bg7 8. e5 d6 9. exd6 Qxd6 10. Ne4 Qc7 11. Nxc5 Ne5 12. Nb3 Nxd3 13. cxd3 Nf6 14. d4 b6 15. d3 Bb7 16. Bg5 0-0 17. Nbd2 Rac8 18. Bh4 Rfe8 19. Bg3 Qd8 20. Rc1 Rxc1 21. Qxc1 Nd5 22. Ne4 Qd7 23. Qd2 Rc8 24. Nc3 e6 25. Ne4 Bf8 26. a3 f6 27. Qe2 Be7 28. h4 a5 29. h5 g5 30. h6 Bf8 31. Nfd2 Rc6 32. f4 gxf4 33. Bxf4 Qf7 34. Rf1 Qg6 35. Nc4 Bc8 36. Bd2 e5 37. dxe5 Bg4 38. Qf2 f5 39. Ne3 Nxe3 40. Bxe3 Be7 41. Nc3 Qh5 42. Bf4 Qf7 43. d4 Qb3 44. d5 Bc5 45. Be3 Rxh6 46. Bxc5 bxc5 47. Qxc5 Qc2 48. d6 f4 49. Qd5+ Kg7 50. Qb7+ Kg6 51. Qe4+ 1-0

[Event "HUN-chT1 Charousek 2223"]
[Site "Hungary"]
[Date "2023.02.19"]
[Round "6.1"]
[White "Vertetics, Attila"]
[Black "Csiszar, Csaba"]
[Result "1/2-1/2"]
[WhiteElo "2464"]
[BlackElo "2376"]
[PlyCount "20"]
[EventDate "2022.11.20"]
[EventType "team-tourn"]
[EventRounds "9"]
[EventCountry "HUN"]
[SourceTitle "EXT 2025"]
[Source "ChessBase"]
[SourceDate "2024.10.14"]
[SourceVersion "1"]
[SourceVersionDate "2024.10.14"]
[SourceQuality "1"]
[WhiteTeam "Gyori Elektromos"]
[BlackTeam "Komlo Banyasz"]
[WhiteTeamCountry "HUN"]
[BlackTeamCountry "HUN"]

1. d4 Nf6 2. Nf3 g6 3. Bg5 Bg7 4. Nbd2 c5 5. e3 0-0 6. c3 b6 7. Bd3 Bb7 8. 0-0 d6 9. Qe2 Nbd7 10. a4 a6 1/2-1/2

[Event "HUN-chT1 Charousek 2122"]
[Site "Hungary"]
[Date "2022.02.13"]
[Round "8.1"]
[White "Nemeth, Zoltan"]
[Black "Csiszar, Csaba"]
[Result "1/2-1/2"]
[WhiteElo "2265"]
[BlackElo "2392"]
[PlyCount "48"]
[EventDate "2021.10.10"]
[EventType "team-tourn"]
[EventRounds "11"]
[EventCountry "HUN"]
[SourceTitle "EXT 2025"]
[Source "ChessBase"]
[SourceDate "2024.10.14"]
[SourceVersion "1"]
[SourceVersionDate "2024.10.14"]
[SourceQuality "1"]
[WhiteTeam "Magyar Sakkvilag"]
[BlackTeam "Komlo Banyasz"]
[WhiteTeamCountry "HUN"]
[BlackTeamCountry "HUN"]

1. d4 Nf6 2. c4 e6 3. Nf3 c5 4. e3 g6 5. Be2 Bg7 6. 0-0 0-0 7. Nc3 d6 8. dxc5 dxc5 9. Qxd8 Rxd8 10. Bd2 Nc6 11. Rfd1 Bd7 12. h3 b6 13. Be1 Kf8 14. Rac1 Ke7 15. Kf1 h6 16. b3 g5 17. Nd2 Ne5 18. Nf3 Ng6 19. Bd3 Bc6 20. Bxg6 Bxf3 21. gxf3 fxg6 22. Rxd8 Rxd8 23. Ke2 Rf8 24. Ne4 Nxe4 1/2-1/2

[Event "HUN-chT1 Charousek 2122"]
[Site "Hungary"]
[Date "2021.11.21"]
[Round "4.1"]
[White "Srbis, Jurica"]
[Black "Csiszar, Csaba"]
[Result "0-1"]
[WhiteElo "2448"]
[BlackElo "2378"]
[PlyCount "53"]
[EventDate "2021.10.10"]
[EventType "team-tourn"]
[EventRounds "11"]
[EventCountry "HUN"]
[SourceTitle "EXT 2025"]
[Source "ChessBase"]
[SourceDate "2024.10.14"]
[SourceVersion "1"]
[SourceVersionDate "2024.10.14"]
[SourceQuality "1"]
[WhiteTeam "Tapolca VSE"]
[BlackTeam "Komlo Banyasz"]
[WhiteTeamCountry "HUN"]
[BlackTeamCountry "HUN"]

1. d4 Nf6 2. c4 e6 3. Nc3 Bb4 4. a3 Bxc3+ 5. bxc3 Nc6 6. f3 d6 7. e4 e5 8. Be3 0-0 9. d5 Ne7 10. Bd3 Nd7 11. Ne2 Nc5 12. Bc2 b6 13. Ng3 Ba6 14. Qe2 c6 15. dxc6 Rc8 16. 0-0 Rxc6 17. Rfd1 Nb7 18. f4 exf4 19. Bxf4 Ng6 20. Qe3 Qc7 21. Nf5 Rxc4 22. Bd3 Rxc3 23. Rac1 Bxd3 24. Qd4 Qc5 25. Be3 Qxd4 26. Bxd4 Rxc1 27. Rxc1 0-1

[Event "HUN-chT1 Charousek 2122"]
[Site "Hungary"]
[Date "2021.11.07"]
[Round "3.1"]
[White "Csiszar, Csaba"]
[Black "Lizak, Peter"]
[Result "1/2-1/2"]
[WhiteElo "2378"]
[BlackElo "2402"]
[PlyCount "75"]
[EventDate "2021.10.10"]
[EventType "team-tourn"]
[EventRounds "11"]
[EventCountry "HUN"]
[SourceTitle "EXT 2025"]
[Source "ChessBase"]
[SourceDate "2024.10.14"]
[SourceVersion "1"]
[SourceVersionDate "2024.10.14"]
[SourceQuality "1"]
[WhiteTeam "Komlo Banyasz"]
[BlackTeam "Paks ASE II"]
[WhiteTeamCountry "HUN"]
[BlackTeamCountry "HUN"]

1. d4 Nf6 2. Bf4 c5 3. e3 d5 4. c3 Nc6 5. Nd2 Bf5 6. Ngf3 cxd4 7. exd4 a6 8. Nh4 Bg4 9. Qb3 Nh5 10. h3 Bd7 11. Be3 e5 12. Nhf3 e4 13. Ne5 Nf6 14. f3 Bd6 15. fxe4 Nxe5 16. dxe5 Bxe5 17. 0-0-0 0-0 18. exd5 Qe8 19. Re1 Bf4 20. c4 Rc8 21. Bd3 Bxe3 22. Rxe3 Qd8 23. Kb1 Qa5 24. Qd1 b5 25. Nb3 Qc7 26. c5 Nxd5 27. Bxh7+ Kxh7 28. Qxd5 Be6 29. Qh5+ Kg8 30. Rc1 Qf4 31. Qe5 Qxe5 32. Rxe5 Rfd8 33. c6 Rc7 34. Na5 Rd2 35. g4 Kf8 36. b3 Rd3 37. Rh5 Kg8 38. Kb2 1/2-1/2